[Event "Ostravsky konik 2010 MCR Open"]
[Site "Ostrava"]
[Date "2010.05.05"]
[Round "5.31"]
[White "Kulhánek, Tomáš"]
[Black "Sikora-Lerch, Jan"]
[Result "1-0"]
[WhiteElo "2428"]
[BlackElo "2205"]
[PlyCount "57"]
[EventDate "2010.05.09"]
[EventType "swiss"]
[EventCountry "CZE"]

1. e4 c5 2. Na3 g6 3. c3 b6 4. d4 Bb7 5. d5 Nf6 6. Bd3 Bg7 7. Nf3 O-O 8. O-O d6
9. Re1 Nbd7 10. b3 a6 11. c4 Ne8 12. Rb1 Nc7 13. Bf4 b5 14. Qd2 b4 15. Nc2 Bc8
16. e5 dxe5 17. Nxe5 Nxe5 18. Bxe5 Bxe5 19. Rxe5 e6 20. Qh6 Qf6 21. Rbe1 exd5
22. cxd5 Bd7 23. d6 Ne6 24. Bc4 Rae8 25. Qd2 Nf4 26. Rxe8 Rxe8 27. Rxe8+ Bxe8
28. d7 Bxd7 29. Qxd7 1-0

[Event "Ostravsky konik 2010 MCR Open"]
[Site "Ostrava"]
[Date "2010.05.05"]
[Round "5.33"]
[White "Pisk, Petr"]
[Black "Olšarová, Karolína"]
[Result "1-0"]
[WhiteElo "2333"]
[BlackElo "2191"]
[PlyCount "65"]
[EventDate "2010.05.09"]
[EventType "swiss"]
[EventCountry "CZE"]

1. c4 e5 2. Nc3 Nf6 3. g3 Bb4 4. Bg2 Bxc3 5. bxc3 O-O 6. Rb1 Nc6 7. e4 d6 8.
Ne2 Rb8 9. O-O Be6 10. d3 Qc8 11. f4 Bh3 12. f5 Bxg2 13. Kxg2 Nd7 14. g4 f6 15.
Ng3 Ne7 16. h4 c6 17. g5 Qe8 18. Rf2 b5 19. Ba3 Nc8 20. cxb5 cxb5 21. Qg4 Rb6
22. Nh5 Qe7 23. Rg1 Rb7 24. Kh1 Kh8 25. Bc1 d5 26. Rfg2 dxe4 27. dxe4 Nd6 28.
Ba3 a5 29. Bxd6 Qxd6 30. Nxg7 Kxg7 31. gxf6+ Kf7 32. Qh5+ Kxf6 33. Rg7 1-0

[Event "Ostravsky konik 2010 MCR Open"]
[Site "Ostrava"]
[Date "2010.05.05"]
[Round "5.34"]
[White "Kratochvíl, Josef"]
[Black "Vlach, Karel"]
[Result "1/2-1/2"]
[WhiteElo "2307"]
[BlackElo "2171"]
[PlyCount "62"]
[EventDate "2010.05.09"]
[EventType "swiss"]
[EventCountry "CZE"]

1. e4 d6 2. d4 Nf6 3. Nc3 e5 4. dxe5 dxe5 5. Qxd8+ Kxd8 6. Bg5 Be6 7. O-O-O+
Nbd7 8. f4 exf4 9. Nf3 h6 10. Bxf4 Bb4 11. Nb5 Ba5 12. Nbd4 Ke7 13. Nxe6 fxe6
14. Bc4 Rhd8 15. c3 Bb6 16. Nd4 Nf8 17. Rhe1 Rd7 18. Bb5 c6 19. Bc4 Rad8 20.
Nf5+ Kf7 21. Nd6+ Ke7 22. h3 Nh5 23. Bh2 Rxd6 24. Rxd6 Rxd6 25. g4 Rd7 26. gxh5
Nh7 27. Be5 Nf6 28. Be2 Bf2 29. Rd1 Be3+ 30. Kc2 Rxd1 31. Bxf6+ Kxf6 1/2-1/2

[Event "Ostravsky konik 2010 MCR Open"]
[Site "Ostrava"]
[Date "2010.05.05"]
[Round "5.37"]
[White "Folková, Martina"]
[Black "Olšarová, Tereza"]
[Result "1-0"]
[WhiteElo "2128"]
[BlackElo "2269"]
[PlyCount "99"]
[EventDate "2010.05.09"]
[EventType "swiss"]
[EventCountry "CZE"]

1. e4 c5 2. Nf3 Nc6 3. d4 cxd4 4. Nxd4 Nf6 5. Nc3 e5 6. Ndb5 d6 7. Bg5 a6 8.
Na3 b5 9. Nd5 Be7 10. Bxf6 Bxf6 11. c3 O-O 12. Nc2 Bg5 13. a4 bxa4 14. Rxa4 a5
15. Bc4 Rb8 16. b3 g6 17. O-O Kh8 18. Qd3 Bd7 19. Ra2 f5 20. f3 Bh6 21. Nce3 f4
22. Nc2 g5 23. h3 Bg7 24. b4 axb4 25. cxb4 h5 26. Ra6 g4 27. fxg4 hxg4 28. hxg4
Bf6 29. g3 Bg5 30. Rf2 Kg7 31. b5 Na5 32. Rxd6 Nb7 33. Rxd7+ Qxd7 34. Nxf4 Qxd3
35. Ne6+ Kh8 36. Rh2+ Kg8 37. Bxd3 Rf3 38. Bc4 Rxg3+ 39. Rg2 Rc3 40. Bd5 Be7
41. Nd8+ Kg7 42. Nxb7 Rc7 43. Ne3 Rc1+ 44. Kf2 Bb4 45. Rh2 Rbc8 46. Rh5 Be1+
47. Ke2 Bc3 48. Nd6 Rb8 49. Ndf5+ Kg6 50. b6 1-0

[Event "Ostravsky konik 2010 MCR Open"]
[Site "Ostrava"]
[Date "2010.05.05"]
[Round "5.39"]
[White "Hausner, Ivan"]
[Black "Novotný, Jaroslav"]
[Result "1-0"]
[WhiteElo "2451"]
[BlackElo "2217"]
[PlyCount "59"]
[EventDate "2010.05.09"]
[EventType "swiss"]
[EventCountry "CZE"]

1. c4 c5 2. Nf3 Nc6 3. Nc3 e5 4. e3 Nf6 5. d4 cxd4 6. exd4 e4 7. Nd2 Bb4 8. a3
Bxc3 9. bxc3 O-O 10. Be2 b6 11. O-O Ba6 12. f3 d5 13. fxe4 Nxe4 14. Nxe4 dxe4
15. c5 Bxe2 16. Qxe2 Qd5 17. cxb6 axb6 18. Rb1 Na5 19. Rxb6 Nc4 20. Rb4 Rac8
21. a4 f5 22. Rb5 Qd7 23. Bf4 Qe7 24. Qa2 g5 25. Bc1 f4 26. Re5 Qd6 27. Rxe4
Kg7 28. Qe2 Rf7 29. Qg4 Rg8 30. Rexf4 1-0

[Event "Ostravsky konik 2010 MCR Open"]
[Site "Ostrava"]
[Date "2010.05.05"]
[Round "5.40"]
[White "Bartoš, Jan"]
[Black "Olšar, Jaroslav"]
[Result "1-0"]
[WhiteElo "2201"]
[BlackElo "2317"]
[PlyCount "45"]
[EventDate "2010.05.09"]
[EventType "swiss"]
[EventCountry "CZE"]

1. d4 d5 2. c4 c6 3. Nf3 Nf6 4. e3 a6 5. b3 g6 6. Bd3 Bg7 7. Nbd2 Nbd7 8. h3
O-O 9. O-O b5 10. Bb2 Bb7 11. Qe2 Qb6 12. Rfb1 Rfe8 13. a4 bxc4 14. bxc4 Qc7
15. Nb3 Ra7 16. Bc3 Ne4 17. Ba5 Qd6 18. cxd5 cxd5 19. Rc1 Ba8 20. Ra2 Rb8 21.
Na1 h6 22. Nc2 Qa3 23. Rxa3 1-0

[Event "Ostravsky konik 2010 MCR Open"]
[Site "Ostrava"]
[Date "2010.05.05"]
[Round "5.44"]
[White "Šplíchal, Stanislav"]
[Black "Bureš, Martin"]
[Result "1/2-1/2"]
[WhiteElo "2219"]
[BlackElo "2131"]
[PlyCount "106"]
[EventDate "2010.05.09"]
[EventType "swiss"]
[EventCountry "CZE"]

1. d4 f5 2. e4 fxe4 3. Nc3 Nf6 4. Bg5 Nc6 5. d5 Ne5 6. Qd4 Nf7 7. Nh3 c6 8.
O-O-O Nxg5 9. Nxg5 Qb6 10. Ngxe4 Qxd4 11. Rxd4 Nxe4 12. Nxe4 cxd5 13. Rxd5 e6
14. Nd6+ Bxd6 15. Rxd6 Ke7 16. Rd2 b6 17. Bd3 Bb7 18. f4 Rhf8 19. Rf1 h6 20. h4
Rf6 21. h5 Raf8 22. g3 Rc8 23. Bg6 Rc5 24. Rfd1 Rd5 25. Rxd5 Bxd5 26. Rd3 Rf8
27. b3 Bb7 28. Kd2 Rc8 29. c4 Rc5 30. Ke3 Ra5 31. a4 Rc5 32. g4 a5 33. Be4 Bc8
34. Bf3 d6 35. Rd2 Bd7 36. Rg2 Kf6 37. Be4 Be8 38. Rd2 Ke7 39. Kf3 Bd7 40. Rd3
Be8 41. Kg3 Bf7 42. Bg6 Bg8 43. Kf3 e5 44. fxe5 Rxe5 45. Bf5 Bf7 46. Kf4 Re1
47. Kg3 Re2 48. Kf3 Re1 49. Kg3 Re2 50. Kf3 Re5 51. Kf4 Re1 52. Kg3 Re2 53. Kf3
Re5 1/2-1/2

[Event "Ostravsky konik 2010 MCR Open"]
[Site "Ostrava"]
[Date "2010.05.05"]
[Round "5.45"]
[White "Mrva, Marek"]
[Black "Chlevištan, Jakub"]
[Result "0-1"]
[WhiteElo "2248"]
[BlackElo "2111"]
[PlyCount "142"]
[EventDate "2010.05.09"]
[EventType "swiss"]
[EventCountry "CZE"]

1. d4 Nf6 2. Nf3 e6 3. Bf4 c5 4. c3 cxd4 5. cxd4 Qb6 6. Qc2 Nc6 7. e3 Nd5 8.
Bg3 Qa5+ 9. Nbd2 b6 10. a3 Ba6 11. Bxa6 Qxa6 12. Rc1 Be7 13. Nc4 O-O 14. O-O b5
15. Nce5 Nxe5 16. Nxe5 Rac8 17. Qb1 d6 18. Nd3 Nb6 19. e4 Nc4 20. Rcd1 Qb7 21.
Rfe1 a5 22. d5 exd5 23. exd5 Bf6 24. h3 Rfe8 25. Qc1 Qxd5 26. Rxe8+ Rxe8 27. b3
Nb6 28. Re1 Rf8 29. Qc7 Nc8 30. Nf4 Qc5 31. Qb7 Be5 32. Nd3 Qc3 33. Rc1 Qxd3
34. Rxc8 Bxg3 35. fxg3 Qxg3 36. Qd7 Qe1+ 37. Kh2 Qe5+ 38. Kh1 Qa1+ 39. Kh2 Qe5+
40. Kh1 g6 41. Rxf8+ Kxf8 42. Qd8+ Kg7 43. Qxa5 Qc5 44. a4 bxa4 45. Qxa4 d5 46.
b4 Qc1+ 47. Kh2 Qf4+ 48. Kh1 d4 49. Qa1 Qe3 50. b5 Qc3 51. Qd1 d3 52. Kg1 Qc5+
53. Kf1 Qxb5 54. Qd2 Qb1+ 55. Kf2 Qc2 56. Ke3 Qxd2+ 57. Kxd2 Kf6 58. Kxd3 Ke5
59. Ke3 f5 60. Kf3 f4 61. Kf2 Ke4 62. Ke2 g5 63. Kf2 h5 64. Ke2 g4 65. hxg4
hxg4 66. Kf2 Kd3 67. Ke1 Ke3 68. Kf1 f3 69. gxf3 Kxf3 70. Kg1 Kg3 71. Kh1 Kf2
0-1

[Event "Ostravsky konik 2010 MCR Open"]
[Site "Ostrava"]
[Date "2010.05.05"]
[Round "5.46"]
[White "Potomák, Vladimír"]
[Black "Hladík, Lumír"]
[Result "1-0"]
[WhiteElo "2232"]
[BlackElo "2065"]
[PlyCount "95"]
[EventDate "2010.05.09"]
[EventType "swiss"]
[EventCountry "CZE"]

1. c4 Nf6 2. Nf3 b6 3. g3 Bb7 4. Bg2 c5 5. O-O e6 6. Nc3 Be7 7. d4 cxd4 8. Qxd4
d6 9. e4 O-O 10. Qe3 a6 11. Nd4 Qc7 12. b3 Nbd7 13. Bb2 Rfe8 14. Rfe1 Bf8 15.
Re2 Rad8 16. Qd2 g6 17. Rd1 Nc5 18. Nc2 Be7 19. Qe1 Ncd7 20. Kh1 Qb8 21. Ne3
Qa8 22. f3 Nh5 23. Ng4 Bf8 24. Qf2 f5 25. Ne3 Ndf6 26. Nc2 fxe4 27. Nxe4 Nxe4
28. fxe4 Bg7 29. Bxg7 Nxg7 30. Qxb6 d5 31. exd5 exd5 32. Rxe8+ Rxe8 33. Nb4 Re6
34. Qc7 Qe8 35. Rf1 Re7 36. Qb6 Re1 37. Qf2 Re2 38. Qf3 Nf5 39. Nxd5 Bxd5 40.
Qxd5+ Kh8 41. g4 Re5 42. Qc6 Qxc6 43. Bxc6 Nh4 44. b4 Re2 45. b5 Rxa2 46. b6
Rb2 47. b7 a5 48. Rf8+ 1-0

[Event "Ostravsky konik 2010 MCR Open"]
[Site "Ostrava"]
[Date "2010.05.05"]
[Round "5.47"]
[White "Vacek, Antonín"]
[Black "Kapusta, Petr"]
[Result "0-1"]
[WhiteElo "2092"]
[BlackElo "2186"]
[PlyCount "146"]
[EventDate "2010.05.09"]
[EventType "swiss"]
[EventCountry "CZE"]

1. d4 Nf6 2. Nf3 g6 3. Bf4 Bg7 4. e3 O-O 5. Be2 d6 6. h3 Nbd7 7. O-O c5 8. c3
b6 9. Nbd2 Bb7 10. Qb3 e5 11. dxe5 dxe5 12. Bh2 e4 13. Ne1 Qe7 14. Nc4 Bd5 15.
Bd6 Qe6 16. Bxf8 Bxf8 17. Rd1 Ne5 18. Rxd5 Nxd5 19. Nxe5 Qxe5 20. g3 Rd8 21.
Ng2 Nc7 22. Rd1 Rxd1+ 23. Qxd1 b5 24. Qd7 c4 25. b3 cxb3 26. axb3 Qxc3 27. Bxb5
Qxb3 28. Bc6 Qb1+ 29. Kh2 Ne6 30. h4 Nc5 31. Qd4 Qc2 32. Qf6 Qd2 33. Be8 Qa2
34. Bc6 Qe6 35. Qxe6 fxe6 36. Ne1 Nd3 37. Nc2 Nxf2 38. Kg2 Nd1 39. Bxe4 a5 40.
Nd4 a4 41. Nxe6 a3 42. Nd4 Nc3 43. Bd3 Kf7 44. Bc4+ Kf6 45. Nb3 a2 46. Na1 Ba3
47. Nc2 Bb2 48. Kf3 a1=Q 49. Nxa1 Bxa1 50. g4 Na4 51. Bd3 h6 52. h5 g5 53. Bc2
Nc5 54. Bg6 Ke5 55. Bc2 Bc3 56. Bg6 Nd7 57. Bd3 Nf6 58. Bb1 Ba5 59. Bg6 Bb6 60.
e4 Kd4 61. Bf5 Bc7 62. Bg6 Nd7 63. Bf5 Ne5+ 64. Ke2 Ba5 65. Kf2 Kd3 66. Kg2 Ke3
67. Kg3 Be1+ 68. Kg2 Kf4 69. Kh3 Kf3 70. Bc8 Kxe4 71. Bb7+ Kf4 72. Bc8 Bh4 73.
Be6 Nd3 0-1

[Event "Ostravsky konik 2010 MCR Open"]
[Site "Ostrava"]
[Date "2010.05.07"]
[Round "6.3"]
[White "Rasik, Vitezslav"]
[Black "Petr, Martin"]
[Result "1-0"]
[WhiteElo "2480"]
[BlackElo "2511"]
[PlyCount "34"]
[EventDate "2010.05.09"]
[EventType "swiss"]
[EventCountry "CZE"]

1. e4 e6 2. d4 d5 3. Nd2 c5 4. Ngf3 Nc6 5. exd5 exd5 6. Bb5 Bd6 7. dxc5 Bxc5 8.
O-O Nge7 9. Nb3 Bd6 10. Re1 O-O 11. Bd3 h6 12. h3 Bf5 13. Be3 Re8 14. Bc5 Bxd3
15. Qxd3 Bxc5 16. Nxc5 Qb6 17. Nd7 Qxb2 1-0

[Event "Ostravsky konik 2010 MCR Open"]
[Site "Ostrava"]
[Date "2010.05.07"]
[Round "6.4"]
[White "Hracek, Zbynek"]
[Black "Konopka, Michal"]
[Result "1-0"]
[WhiteElo "2632"]
[BlackElo "2458"]
[PlyCount "45"]
[EventDate "2010.05.09"]
[EventType "swiss"]
[EventCountry "CZE"]

1. e4 Nf6 2. e5 Nd5 3. d4 d6 4. Nf3 Nb6 5. a4 a5 6. Nc3 c6 7. Bf4 dxe5 8. Nxe5
N8d7 9. Qf3 Nf6 10. d5 Nbxd5 11. Nxd5 Qxd5 12. Bc4 Qxf3 13. Bxf7+ Kd8 14. gxf3
e6 15. O-O-O+ Ke7 16. Rhe1 g6 17. Bxg6 Bg7 18. Be4 Rd8 19. Rxd8 Kxd8 20. Rg1
Bf8 21. Bg5 Be7 22. Bh4 Bd7 23. Rg7 1-0

[Event "Ostravsky konik 2010 MCR Open"]
[Site "Ostrava"]
[Date "2010.05.07"]
[Round "6.5"]
[White "Stocek, Jiri"]
[Black "Krejci, Jan"]
[Result "1-0"]
[WhiteElo "2593"]
[BlackElo "2455"]
[PlyCount "43"]
[EventDate "2010.05.09"]
[EventType "swiss"]
[EventCountry "CZE"]

1. d4 d5 2. c4 c6 3. Nf3 Nf6 4. Nc3 e6 5. Bg5 h6 6. Bh4 dxc4 7. e4 g5 8. Bg3 b5
9. e5 Nd5 10. Nd2 Bb7 11. Be2 Nd7 12. O-O Qb6 13. a4 a6 14. Nde4 c5 15. Nxd5
exd5 16. Bg4 cxd4 17. a5 Qc6 18. Bxd7+ Kxd7 19. Qxd4 Rd8 20. e6+ Qxe6 21. Rfe1
Kc8 22. Qa7 1-0

[Event "Ostravsky konik 2010 MCR Open"]
[Site "Ostrava"]
[Date "2010.??.??"]
[Round "6.7"]
[White "Haba, Petr"]
[Black "Vokac, Marek"]
[Result "1-0"]
[WhiteElo "2513"]
[BlackElo "2454"]
[PlyCount "81"]
[EventDate "2010.05.09"]
[EventType "swiss"]
[EventCountry "CZE"]

1. e4 g6 2. d4 Bg7 3. c4 d6 4. Nc3 Nf6 5. f3 O-O 6. Be3 a6 7. Nge2 b6 8. d5 c5
9. dxc6 Nxc6 10. Nd4 Bd7 11. Be2 b5 12. O-O bxc4 13. Nxc6 Bxc6 14. Bxc4 Qb8 15.
Rb1 a5 16. Qe2 e6 17. Rfd1 Rd8 18. Bd4 Qb7 19. Rd2 d5 20. exd5 exd5 21. Bb5
Bxb5 22. Qxb5 Qxb5 23. Nxb5 Ne8 24. Bxg7 Kxg7 25. Rc1 Rac8 26. Rxc8 Rxc8 27.
Nc3 Nf6 28. Kf2 h5 29. Ke3 h4 30. Rd4 g5 31. h3 Rc5 32. Kd3 Kg6 33. a3 Nh5 34.
b4 axb4 35. axb4 Rc8 36. Nxd5 Rc1 37. b5 Kf5 38. b6 Rb1 39. Rb4 Rd1+ 40. Kc4
Rc1+ 41. Kb5 1-0

[Event "Ostravsky konik 2010 MCR Open"]
[Site "Ostrava"]
[Date "2010.05.07"]
[Round "6.8"]
[White "Cvek, Robert"]
[Black "Plat, Vojtech"]
[Result "1/2-1/2"]
[WhiteElo "2495"]
[BlackElo "2401"]
[PlyCount "45"]
[EventDate "2010.05.09"]
[EventType "swiss"]
[EventCountry "CZE"]

1. c4 Nf6 2. d4 g6 3. Nc3 d5 4. e3 Bg7 5. Qb3 dxc4 6. Bxc4 O-O 7. Nf3 Nc6 8.
Be2 Nd7 9. O-O Nb6 10. Rd1 a5 11. d5 Ne5 12. Nxe5 Bxe5 13. e4 a4 14. Qc2 a3 15.
bxa3 Qd6 16. Rb1 Bxh2+ 17. Kf1 Bd7 18. Nb5 Bxb5 19. Rxb5 Bf4 20. Qc5 Qxc5 21.
Rxc5 Bd6 22. Rc3 Ra4 23. f3 1/2-1/2

[Event "Ostravsky konik 2010 MCR Open"]
[Site "Ostrava"]
[Date "2010.05.06"]
[Round "6.9"]
[White "IM Kanovsky, David"]
[Black "IM Zpevak, Pavel"]
[Result "1-0"]
[WhiteElo "2489"]
[BlackElo "2401"]
[PlyCount "131"]
[EventDate "2010.05.09"]
[EventType "swiss"]
[EventCountry "CZE"]

1. e4 c5 2. Nf3 e6 3. d4 cxd4 4. Nxd4 a6 5. Bd3 Nf6 6. O-O d6 7. Qe2 g6 8. c4
Bg7 9. Nc3 O-O 10. Rd1 Qc7 11. Nf3 Nc6 12. h3 Nd7 13. Bf4 Nde5 14. Rac1 b6 15.
Qe3 Nxf3+ 16. Qxf3 Ne5 17. Qe3 Bb7 18. b3 Rab8 19. Be2 Rfe8 20. Qd2 Bf8 21. Bg5
Nd7 22. Bf1 Rbc8 23. Bf4 Ne5 24. Be3 Nd7 25. f3 Qb8 26. Qf2 Bc6 27. Rc2 Qb7 28.
Rdc1 Qb8 29. Kh1 Nc5 30. Bd4 Nd7 31. b4 Bh6 32. Be3 Bf8 33. a3 Rcd8 34. Rd2 Rc8
35. Rdc2 Rcd8 36. Bg5 Rc8 37. Qh4 Bb7 38. Bh6 Be7 39. Qf2 Bc6 40. f4 Bf6 41.
Bd3 Bh8 42. Qe3 Rcd8 43. Ne2 Bb7 44. Ng3 Qc7 45. Be2 a5 46. Rd2 axb4 47. axb4
Nb8 48. Rcd1 Nc6 49. b5 Ne7 50. Qa3 Nc8 51. Bg5 f6 52. Bh6 Qc5 53. Qxc5 bxc5
54. f5 exf5 55. exf5 g5 56. Bf3 Bxf3 57. gxf3 Re3 58. Kg2 Rc3 59. Ne4 Rxc4 60.
Nxd6 Nxd6 61. Rxd6 Re8 62. Rd8 Rc2+ 63. Kg3 Rce2 64. b6 Kf7 65. b7 Rb2 66.
R1d7+ 1-0

[Event "Ostravsky konik 2010 MCR Open"]
[Site "Ostrava"]
[Date "2010.05.06"]
[Round "6.10"]
[White "IM Orsag, Milan"]
[Black "GM Velicka, Petr"]
[Result "1/2-1/2"]
[WhiteElo "2419"]
[BlackElo "2479"]
[PlyCount "41"]
[EventDate "2010.05.09"]
[EventType "swiss"]
[EventCountry "CZE"]

1. d4 d5 2. Nf3 Nf6 3. c4 c6 4. Nc3 a6 5. cxd5 cxd5 6. Bf4 Nc6 7. Rc1 Bf5 8. e3
Rc8 9. Be2 e6 10. O-O Bd6 11. Bxd6 Qxd6 12. Na4 O-O 13. Qb3 Rc7 14. h3 Rfc8 15.
Nc5 Qe7 16. Rc3 e5 17. dxe5 Nxe5 18. Nxe5 Rxc5 19. Rxc5 Rxc5 20. Nf3 Qc7 21.
Nd4 1/2-1/2

[Event "Ostravsky konik 2010 MCR Open"]
[Site "Ostrava"]
[Date "2010.05.06"]
[Round "6.11"]
[White "GM Votava, Jan"]
[Black "FM Vrana, Frantisek"]
[Result "1-0"]
[WhiteElo "2587"]
[BlackElo "2287"]
[PlyCount "63"]
[EventDate "2010.05.09"]
[EventType "swiss"]
[EventCountry "CZE"]

1. d4 Nf6 2. c4 g6 3. g3 Bg7 4. Bg2 O-O 5. Nf3 d6 6. Nc3 c5 7. d5 e5 8. O-O a6
9. a4 a5 10. e4 Na6 11. Ne1 Ne8 12. f4 exf4 13. Bxf4 f5 14. Nf3 h6 15. Qd2 g5
16. Nxg5 hxg5 17. Bxg5 Bf6 18. Bh6 Ng7 19. Kh1 Be5 20. Rae1 Nc7 21. Bf4 Bd4 22.
Bg5 Bf6 23. Bxf6 Rxf6 24. Rf4 fxe4 25. Nxe4 Rxf4 26. Qxf4 Nce8 27. Rf1 Qe7 28.
g4 Bd7 29. Ng5 Nc7 30. Be4 Nge8 31. h3 Bxa4 32. Nf7 1-0

[Event "Ostravsky konik 2010 MCR Open"]
[Site "Ostrava"]
[Date "2010.05.06"]
[Round "6.12"]
[White "IM Zilka, Stepan"]
[Black "Turner, Jan"]
[Result "1/2-1/2"]
[WhiteElo "2509"]
[BlackElo "2324"]
[PlyCount "51"]
[EventDate "2010.05.09"]
[EventType "swiss"]
[EventCountry "CZE"]

1. d4 e6 2. c4 f5 3. g3 Nf6 4. Bg2 d6 5. Nf3 g6 6. O-O Bg7 7. Nc3 O-O 8. Qc2
Nc6 9. e4 fxe4 10. Nxe4 Nxe4 11. Qxe4 e5 12. Bg5 Qe8 13. dxe5 dxe5 14. Qh4 Bf5
15. Bh6 Bf6 16. Ng5 Qe7 17. Rad1 Rfd8 18. Rfe1 Nd4 19. Bxb7 Ne6 20. Rxd8+ Rxd8
21. Nxe6 Bxh4 22. Nxd8 Qxd8 23. Bd5+ Kh8 24. gxh4 Qxh4 25. Bd2 c6 26. Bxc6
1/2-1/2

[Event "Ostravsky konik 2010 MCR Open"]
[Site "Ostrava"]
[Date "2010.05.06"]
[Round "6.14"]
[White "IM Freisler, Pavel"]
[Black "GM Blatny, Pavel"]
[Result "1/2-1/2"]
[WhiteElo "2328"]
[BlackElo "2409"]
[PlyCount "113"]
[EventDate "2010.05.09"]
[EventType "swiss"]
[EventCountry "CZE"]

1. Nf3 d5 2. d4 e6 3. c4 c6 4. Nc3 f5 5. Bf4 Bd6 6. e3 Ne7 7. Bd3 O-O 8. Qc2 h6
9. h4 Bc7 10. Ne5 Nd7 11. O-O-O Nxe5 12. Bxe5 Bxe5 13. dxe5 Ng6 14. f4 Nxh4 15.
Qf2 Ng6 16. g4 Ne7 17. Rdg1 Kf7 18. gxf5 exf5 19. Qh4 Rg8 20. Rg2 Qf8 21. cxd5
Nxd5 22. Bc4 Be6 23. Rhg1 Nxc3 24. Qh5+ Ke7 25. Bxe6 Kxe6 26. Qg6+ Kd7 27. bxc3
Rd8 28. Rd1+ Kc7 29. Rxd8 Qa3+ 30. Kb1 Rxd8 31. Qf7+ Rd7 32. Qb3 Qa6 33. Qc2
Qb5+ 34. Kc1 Qc5 35. Rg3 g5 36. e6 Re7 37. fxg5 hxg5 38. Rxg5 Qxe3+ 39. Qd2 Qe5
40. Qd3 Qxe6 41. Rxf5 Qxa2 42. Rf1 Re2 43. Rf7+ Kb6 44. Qd8+ Ka6 45. Qd3+ Ka5
46. Qd8+ Ka6 47. Qd3+ b5 48. Rxa7+ Kxa7 49. Qd7+ Kb8 50. Qd8+ Kb7 51. Qd7+ Ka6
52. Qc8+ Ka5 53. Qa8+ Kb6 54. Qd8+ Ka7 55. Qc7+ Ka6 56. Qc8+ Kb6 57. Qd8+
1/2-1/2

[Event "Ostravsky konik 2010 MCR Open"]
[Site "Ostrava"]
[Date "2010.05.06"]
[Round "6.16"]
[White "IM Biolek, Richard"]
[Black "Kriebel, Tadeas"]
[Result "1/2-1/2"]
[WhiteElo "2405"]
[BlackElo "2268"]
[PlyCount "37"]
[EventDate "2010.05.09"]
[EventType "swiss"]
[EventCountry "CZE"]

1. e4 c5 2. Nf3 d6 3. d4 cxd4 4. Nxd4 Nf6 5. Nc3 a6 6. Be3 e5 7. Nde2 Be7 8.
Ng3 O-O 9. Be2 Be6 10. O-O Qa5 11. Qd2 Nc6 12. a3 Rac8 13. Rfd1 Rfe8 14. Nd5
Bxd5 15. exd5 Qxd2 16. Rxd2 Nd4 17. Bxd4 exd4 18. Bf3 g6 19. Ne2 1/2-1/2

[Event "Ostravsky konik 2010 MCR Open"]
[Site "Ostrava"]
[Date "2010.05.06"]
[Round "6.17"]
[White "FM Pacl, Vaclav"]
[Black "FM Ponizil, Cyril"]
[Result "1/2-1/2"]
[WhiteElo "2263"]
[BlackElo "2392"]
[PlyCount "79"]
[EventDate "2010.05.09"]
[EventType "swiss"]
[EventCountry "CZE"]

1. e4 c5 2. Nc3 e6 3. f4 d5 4. Nf3 d4 5. Bb5+ Nd7 6. Ne2 Ngf6 7. Ng3 Be7 8. O-O
Qc7 9. d3 a6 10. Bxd7+ Bxd7 11. Ne5 g6 12. Qf3 Bc6 13. Bd2 h5 14. h3 Nd7 15.
Nxc6 Qxc6 16. c3 e5 17. cxd4 exd4 18. Rfc1 a5 19. Qe2 Qe6 20. Qf3 h4 21. Nf1 b6
22. Nh2 Rd8 23. f5 Qd6 24. Bf4 Ne5 25. Bxe5 Qxe5 26. Ng4 Qg3 27. Qxg3 hxg3 28.
Rf1 b5 29. Rac1 Rc8 30. b3 Bg5 31. Rc2 Ke7 32. Rf3 Rhd8 33. fxg6 fxg6 34. Kf1
c4 35. bxc4 bxc4 36. Rxc4 Rxc4 37. dxc4 d3 38. Ke1 Rd4 39. Kd1 Rxe4 40. Rxd3
1/2-1/2

[Event "Ostravsky konik 2010 MCR Open"]
[Site "Ostrava"]
[Date "2010.05.06"]
[Round "6.19"]
[White "Zwardon, Vojtech"]
[Black "IM Nun, Jiri"]
[Result "0-1"]
[WhiteElo "2205"]
[BlackElo "2361"]
[PlyCount "190"]
[EventDate "2010.05.09"]
[EventType "swiss"]
[EventCountry "CZE"]

1. f4 g6 2. Nf3 Bg7 3. g3 d5 4. Bg2 Nf6 5. O-O O-O 6. d3 c5 7. Qe1 Nc6 8. e4
dxe4 9. dxe4 b6 10. e5 Nd5 11. Qe2 Nc7 12. c4 Bf5 13. Rd1 Qc8 14. Nc3 f6 15.
Nd5 fxe5 16. Nxe5 Bxe5 17. Qxe5 Nxe5 18. Nxe7+ Kg7 19. Nxc8 Raxc8 20. fxe5 Rce8
21. b3 Re7 22. h3 h6 23. Rd6 g5 24. Bb2 Bc8 25. Rf1 Rxf1+ 26. Kxf1 Ne6 27. Be4
Nd4 28. h4 Bh3+ 29. Kf2 Ne6 30. Ke3 Bg4 31. hxg5 hxg5 32. Rd2 Rf7 33. Rf2 Rxf2
34. Kxf2 Kf7 35. Bd5 Bf5 36. a3 a5 37. Bc3 Bc2 38. b4 cxb4 39. axb4 axb4 40.
Bxb4 Bb3 41. Bd2 g4 42. Bc3 Ke7 43. Ke3 Bd1 44. Be1 Bb3 45. Bb4+ Kd7 46. Bc3
Ba4 47. Bd4 b5 48. c5 b4 49. Be4 Bd1 50. Bf5 Ke7 51. Kd3 Bc2+ 52. Kc4 Bxf5 53.
Bf2 Kd7 54. Kxb4 Kc6 55. Kc4 Be4 56. Be3 Bf3 57. Bf2 Be2+ 58. Kc3 Nxc5 59. Kd4
Ne6+ 60. Ke4 Bf3+ 61. Kf5 Kd5 62. Be3 Bd1 63. Bf2 Nd8 64. Bb6 Ne6 65. Bf2 Nc5
66. Bxc5 Kxc5 67. Ke4 Kc6 68. Kf5 Kd7 69. Kf6 Ke8 70. Ke6 Kf8 71. Kf6 Kg8 72.
Kg6 Be2 73. Kf6 Kh7 74. Kf7 Kh6 75. Kf6 Kh5 76. Kf5 Bd3+ 77. Kf6 Kh6 78. e6 Bc2
79. e7 Bg6 80. Ke5 Kg5 81. Ke6 Be8 82. Ke5 Bf7 83. Ke4 Bg6+ 84. Ke5 Be8 85. Ke4
Bd7 86. Ke5 Kg6 87. Kd6 Ba4 88. Ke6 Be8 89. Ke5 Kf7 90. Kd6 Ba4 91. Kd5 Kxe7
92. Ke5 Bd7 93. Kf4 Kf6 94. Ke4 Be6 95. Kf4 Bf5 0-1

[Event "Ostravsky konik 2010 MCR Open"]
[Site "Ostrava"]
[Date "2010.05.06"]
[Round "6.20"]
[White "Studnicka, Tomáš"]
[Black "Havlíková, Kristýna"]
[Result "1-0"]
[WhiteElo "2332"]
[BlackElo "2251"]
[PlyCount "99"]
[EventDate "2010.05.09"]
[EventType "swiss"]
[EventCountry "CZE"]

1. d4 Nf6 2. c4 g6 3. Nc3 d5 4. Nf3 Bg7 5. Qb3 dxc4 6. Qxc4 O-O 7. Bf4 c6 8. e4
b5 9. Qb3 a5 10. Qc2 a4 11. e5 Bf5 12. Bd3 Bxd3 13. Qxd3 Nd5 14. Nxd5 Qxd5 15.
O-O Na6 16. Rfd1 Nc7 17. Ng5 Rfd8 18. Qf3 h6 19. Ne4 Ne6 20. Be3 Rac8 21. Nc3
Qxf3 22. gxf3 Nc7 23. Ne4 Nd5 24. f4 f5 25. Nc5 Kf7 26. Rac1 Bf8 27. Nb7 Rd7
28. e6+ Kxe6 29. Nc5+ Kd6 30. Nxd7 Kxd7 31. Kh1 e6 32. Rg1 Ne7 33. Bd2 Bg7 34.
Bb4 Nd5 35. Rxg6 Bxd4 36. Bc3 Bxc3 37. bxc3 Rh8 38. c4 bxc4 39. Rxc4 a3 40. Ra4
Kd6 41. Kg2 h5 42. h4 Rb8 43. Rg3 Rb4 44. Rxb4 Nxb4 45. Rxa3 c5 46. Kf3 c4 47.
Ra5 c3 48. Ke2 Kc6 49. a3 Nd5 50. Kd3 1-0

[Event "Ostravsky konik 2010 MCR Open"]
[Site "Ostrava"]
[Date "2010.05.06"]
[Round "6.24"]
[White "Nemcová, Katerina"]
[Black "Roško, Luboš"]
[Result "1-0"]
[WhiteElo "2247"]
[BlackElo "2345"]
[PlyCount "66"]
[EventDate "2010.05.09"]
[EventType "swiss"]
[EventCountry "CZE"]

1. e4 c5 2. Nf3 d6 3. d4 cxd4 4. Nxd4 Nf6 5. Nc3 a6 6. Be3 e5 7. Nb3 Be6 8. f4
Ng4 9. Bd2 exf4 10. Bxf4 Nc6 11. Qd2 Be7 12. O-O-O O-O 13. h3 Nge5 14. g4 Ng6
15. Be3 a5 16. a4 Nb4 17. Kb1 Ne5 18. Nd4 Rc8 19. g5 Nc4 20. Bxc4 Rxc4 21. Nf5
d5 22. Bb6 Qd7 23. Nxe7+ Qxe7 24. Bxa5 dxe4 25. b3 Rcc8 26. Rhe1 Nc6 27. Nxe4
Qa3 28. Bc3 Rfd8 29. Qc1 Qxc1+ 30. Kxc1 Rxd1+ 31. Rxd1 Bxh3 32. Nd6 Rc7 33. b4
h5 1-0

[Event "Ostravsky konik 2010 MCR Open"]
[Site "Ostrava"]
[Date "2010.05.06"]
[Round "6.25"]
[White "Kovár, Vojtech"]
[Black "Kozák, Miloš"]
[Result "1/2-1/2"]
[WhiteElo "2337"]
[BlackElo "2184"]
[PlyCount "47"]
[EventDate "2010.05.09"]
[EventType "swiss"]
[EventCountry "CZE"]

1. d4 d5 2. c4 c6 3. Nc3 Nf6 4. Nf3 dxc4 5. a4 Bf5 6. e3 e6 7. Bxc4 Bb4 8. O-O
O-O 9. Qe2 Nbd7 10. e4 Bg4 11. Rd1 h6 12. Bf4 Qe7 13. Na2 Ba5 14. b4 Bxb4 15.
Rdb1 a5 16. Nxb4 axb4 17. Bd2 c5 18. dxc5 Nxc5 19. Bxb4 Rfc8 20. Bb5 b6 21. Qe3
Bxf3 22. Qxf3 Qb7 23. e5 Qxf3 24. gxf3 1/2-1/2